| Tag |
First Indicator |
Second Indicator |
Subfields |
| LEADER |
00000cem a2200000 a 4500 |
| 001 |
in00000853913 |
| 005 |
20151019071248.0 |
| 007 |
aj canzn |
| 008 |
850901s1984 vaug bh b f 1 eng d |
| 010 |
|
|
|a gp 85025745
|
| 034 |
1 |
|
|a a
|b 100000
|d W0950000
|e W0940000
|f N0430000
|g N0423000
|
| 035 |
|
|
|a (OCoLC)12492292
|
| 035 |
|
|
|9 AED5542AM
|
| 040 |
|
|
|a GPO
|c GPO
|d UtOrBLW
|
| 052 |
|
|
|a 4151
|
| 074 |
|
|
|a 619-G-25
|
| 086 |
0 |
|
|a I 19.110:42094-E 1-PL-100
|
| 090 |
|
|
|a G3701.A1 s100 .U5
|
| 110 |
2 |
|
|a Geological Survey (U.S.)
|
| 245 |
1 |
0 |
|a Humboldt, Iowa :
|b 1:100 000-scale planimetric map 30 x 60 minute series (planimetric) /
|c produced by the United States Geological Survey.
|
| 255 |
|
|
|a Scale 1:100,000 ;
|b universal transverse Mercator proj.
|c (W 9500ʹ--W 9400ʹ/N 4300ʹ--N 4230ʹ).
|
| 264 |
|
1 |
|a Reston, Va. :
|b The Survey :
|c 1984.
|
| 264 |
|
2 |
|a Reston, Va. :
|b For sale by the USGS,
|
| 300 |
|
|
|a 1 map :
|b color ;
|c 61 x 102 cm.
|
| 336 |
|
|
|a cartographic image
|b cri
|2 rdacontent
|
| 337 |
|
|
|a unmediated
|b n
|2 rdamedia
|
| 338 |
|
|
|a sheet
|b nb
|2 rdacarrier
|
| 500 |
|
|
|a Relief shown by spot heights.
|
| 500 |
|
|
|a Map edited 1984 and printed 1985.
|
| 500 |
|
|
|a Includes location map and index to adjoining maps.
|
| 500 |
|
|
|a Cartographic material.
|
| 651 |
|
0 |
|a Iowa
|x Maps.
|
| 999 |
|
|
|a MARS
|
| 999 |
f |
f |
|s 49911dc2-64be-3e0c-911e-f97061642894
|i a520218c-e73e-3b9a-91db-385ccf88bb24
|t 0
|
| 952 |
f |
f |
|p normal
|a Texas A&M University
|b College Station
|c Sterling C. Evans Library
|d Evans: Maps (2nd floor)
|t 0
|e G3701.A1 s100 .U5
|h Library of Congress classification
|i unmediated -- sheet
|m A14818138092
|
| 998 |
f |
f |
|a G3701.A1 s100 .U5
|t 0
|l Evans: Maps (2nd floor)
|